000 00854nam a2200337Ia 4500
008 210210b2014 xxu||||| |||| 00| 0 eng d
020 _a9780521720212
041 _aeng
082 _a420.02 CAMC
100 _aCAMBRIDGE UNIVERSITY PRESS
245 _aCambridge IELTS 6
_bExamination papers from university of cambridge ESOL examinations: English for speakers of other languages
260 _aUK
_bCambridge University Press
_c2014
300 _a176
650 _auniversity
650 _aspeakers
650 _apapers
650 _aother
650 _aof
650 _alanguages
650 _aIELTS
650 _afrom
650 _afor
650 _aexaminations:
650 _aExamination
650 _aESOL
650 _aEnglish
650 _aCambridge
650 _a6
690 _aEnglish Language
906 _a068725
999 _c152895
_d152895